000 01382nam a2200373Ia 4500
001 ebr10131905
003 CaPaEBR
006 m u
007 cr cn|||||||||
008 040624s2004 cau s 001 0 eng d
010 _z 2004109414
015 _aGBA445725
_2bnb
016 7 _z012937629
_2Uk
020 _z0782151094
020 _z0782143466
040 _aCaPaEBR
_cCaPaEBR
035 _a(OCoLC)614526114
050 1 4 _aHM851
_b.C77 2004eb
082 0 4 _a303.48/33
_222
100 1 _aCrumlish, Christian.
245 1 4 _aThe power of many
_h[electronic resource] :
_bhow the living Web is transforming politics, business, and everyday life /
_cChristian Crumlish.
260 _aSan Francisco :
_bSybex,
_cc2004.
300 _axv, 272 p.
500 _aIncludes index.
533 _aElectronic reproduction.
_bPalo Alto, Calif. :
_cebrary,
_d2009.
_nAvailable via World Wide Web.
_nAccess may be limited to ebrary affiliated libraries.
650 0 _aWorld Wide Web
_xSocial aspects.
650 0 _aWorld Wide Web
_xPolitical aspects.
650 0 _aInternet
_xPolitical aspects.
650 0 _aInformation society.
650 0 _aInternet
_xSocial aspects.
655 7 _aElectronic books.
_2local
710 2 _aebrary, Inc.
856 4 0 _uhttp://site.ebrary.com/lib/rucke/Doc?id=10131905
_zAn electronic book accessible through the World Wide Web; click to view
999 _c183430
_d183430